000 00497nam a2200193Ia 4500
003 OSt
005 20250124161211.0
008 210210b1972 xxu||||| |||| 00| 0 eng d
040 _cAL
041 _aKannada
082 _aK894.3 INDM
100 _aINDIRA (M K).
_9129469
_dಇಂದಿರಾ ಎಂ ಕೆ
245 _aMusuku.
_bಮುಸುಕು
260 _aBengaluru
_bPrakasha Sahitya
_c1972
300 _a240
690 _aKannada Fiction
_9129470
906 _a029674
942 _2ddc
_cBK
999 _c80886
_d80886